Statistics for ISO codes of countries and territories

Click here to take the quiz!

General Stats

  • This quiz has been taken 50 times
  • The average score is 181 of 265

Answer Stats

HintAnswer% Correct
American SamoaAS
100%
AfghanistanAF
95%
AlbaniaAL
95%
ArgentinaAR
90%
AustraliaAU
90%
AzerbaijanAZ
90%
AndorraAD
85%
ArmeniaAM
85%
AngolaAO
85%
BelgiumBE
85%
BoliviaBO
85%
BelizeBZ
85%
AustriaAT
80%
Bosnia and HerzegovinaBA
80%
BarbadosBB
80%
BangladeshBD
80%
BahrainBH
80%
BermudaBM
80%
BrazilBR
80%
BahamasBS
80%
BhutanBT
80%
BelarusBY
80%
European Union
(exceptional reservation)
EU
80%
Eurozone
(exceptional reservation)
EZ
80%
GibraltarGI
80%
GuamGU
80%
Hong KongHK
80%
Ascension Island
(exceptional reservation)
AC
75%
Antigua and BarbudaAG
75%
AnguillaAI
75%
Burkina FasoBF
75%
BulgariaBG
75%
Bouvet islandBV
75%
BotswanaBW
75%
CanadaCA
75%
Côte d'IvoireCI
75%
Costa RicaCR
75%
CubaCU
75%
Cabo VerdeCV
75%
CyprusCY
75%
CzechiaCZ
75%
GermanyDE
75%
DenmarkDK
75%
EcuadorEC
75%
EritreaER
75%
FinlandFI
75%
Falkland IslandsFK
75%
FranceFR
75%
GabonGA
75%
GeorgiaGE
75%
GhanaGH
75%
GreenlandGL
75%
GreeceGR
75%
GuatemalaGT
75%
HaitiHT
75%
HungaryHU
75%
IndonesiaID
75%
IrelandIE
75%
IsraelIL
75%
Isle of ManIM
75%
IndiaIN
75%
IraqIQ
75%
IranIR
75%
ItalyIT
75%
JerseyJE
75%
JordanJO
75%
JapanJP
75%
KiribatiKI
75%
Saint Kitts and NevisKN
75%
KazakhstanKZ
75%
LaosLA
75%
LiechtensteinLI
75%
LithuaniaLT
75%
LuxembourgLU
75%
LatviaLV
75%
LibyaLY
75%
MadagascarMG
75%
MaltaMT
75%
MaldivesMV
75%
New CaledoniaNC
75%
NigeriaNG
75%
NetherlandsNL
75%
NorwayNO
75%
NiueNU
75%
New ZealandNZ
75%
OmanOM
75%
PanamaPA
75%
PeruPE
75%
Papua New GuineaPG
75%
PhilippinesPH
75%
PakistanPK
75%
PolandPL
75%
Puerto RicoPR
75%
PalestinePS
75%
RéunionRE
75%
Russian FederationRU
75%
São Tomé and PríncipeST
75%
Turks and Caicos IslandsTC
75%
TokelauTK
75%
Timor-LesteTL
75%
United Kingdom
(exceptional reservation)
UK
75%
United Nations
(exceptional reservation)
UN
75%
Wallis and FutunaWF
75%
AntarcticaAQ
70%
Åland IslandsAX
70%
CongoCG
70%
SwitzerlandCH
70%
Cook IslandsCK
70%
ChileCL
70%
CameroonCM
70%
ChinaCN
70%
ColombiaCO
70%
Diego Garcia
(exceptional reservation)
DG
70%
DjiboutiDJ
70%
DominicaDM
70%
AlgeriaDZ
70%
EgyptEG
70%
SpainES
70%
EthiopiaET
70%
Faroe IslandsFO
70%
United KingdomGB
70%
GrenadaGD
70%
GambiaGM
70%
GuineaGN
70%
GuyanaGY
70%
CroatiaHR
70%
IcelandIS
70%
JamaicaJM
70%
KenyaKE
70%
KyrgyzstanKG
70%
KuwaitKW
70%
LebanonLB
70%
Saint LuciaLC
70%
LiberiaLR
70%
LesothoLS
70%
MaliML
70%
MacaoMO
70%
MartiniqueMQ
70%
MalawiMW
70%
MexicoMX
70%
MalaysiaMY
70%
NigerNE
70%
Norfolk IslandsNF
70%
NicaraguaNI
70%
NepalNP
70%
PortugalPT
70%
ParaguayPY
70%
QatarQA
70%
RomaniaRO
70%
RwandaRW
70%
Saudi ArabiaSA
70%
SwedenSE
70%
SloveniaSI
70%
Svalbard and Jan MayenSJ
70%
SlovakiaSK
70%
Sierra LeoneSL
70%
SomaliaSO
70%
South SudanSS
70%
TogoTG
70%
ThailandTH
70%
TajikistanTJ
70%
TongaTO
70%
Trinidad and TobagoTT
70%
TuvaluTV
70%
TaiwanTW
70%
TanzaniaTZ
70%
UkraineUA
70%
UgandaUG
70%
United States of AmericaUS
70%
UruguayUY
70%
UzbekistanUZ
70%
Virgin Islands (U.S.)VI
70%
VietnamVN
70%
VanuatuVU
70%
YemenYE
70%
United Arab EmiratesAE
65%
ArubaAW
65%
BurundiBI
65%
BruneiBN
65%
Cocos IslandsCC
65%
Dominican RepublicDO
65%
FijiFJ
65%
Federated States of MicronesiaFM
65%
French GuianaGF
65%
GuadeloupeGP
65%
Equatorial GuineaGQ
65%
HondurasHN
65%
MonacoMC
65%
MoldovaMD
65%
MontenegroME
65%
Marshall IslandsMH
65%
MyanmarMM
65%
MongoliaMN
65%
MauritaniaMR
65%
MontserratMS
65%
MozambiqueMZ
65%
NamibiaNA
65%
NauruNR
65%
French PolynesiaPF
65%
Saint Pierre and MiquelonPM
65%
SeychellesSC
65%
SudanSD
65%
San MarinoSM
65%
SenegalSN
65%
SurinameSR
65%
El SalvadorSV
65%
TurkmenistanTM
65%
TunisiaTN
65%
TurkeyTR
65%
Holy SeeVA
65%
Saint Vincent and the GrenadinesVC
65%
VenezuelaVE
65%
ZambiaZM
65%
ZimbabweZW
65%
BeninBJ
60%
Bonaire, Sint Eustatius and SabaBQ
60%
Democratic Republic of the CongoCD
60%
South Georgia and the South Sandwich IslandsGS
60%
Heard Island and McDonald IslandsHM
60%
British Indian Ocean TerritoryIO
60%
South KoreaKR
60%
PitcarinPN
60%
SingaporeSG
60%
EswatiniSZ
60%
United States Minor Outlying IslandsUM
60%
Virgin Islands (British)VG
60%
South AfricaZA
60%
Central African RepublicCF
55%
Clipperton Island
(exceptional reservation)
CP
55%
CuraçaoCW
55%
Christmas IslandsCX
55%
EstoniaEE
55%
Canary Islands
(exceptional reservation)
IC
55%
CambodiaKH
55%
ComorosKM
55%
North KoreaKP
55%
Sri LankaLK
55%
MoroccoMA
55%
MauritiusMU
55%
PalauPW
55%
SerbiaRS
55%
Saint Helena, Ascension and Tristan da CunhaSH
55%
ChadTD
55%
Kosovo
(user assigned)
XK
55%
Saint BarthélemyBL
50%
Tristan da Cunha
(exceptional reservation)
TA
50%
French Southern TerritoriesTF
50%
Western SaharaEH
45%
GuernseyGG
45%
Guinea-BissauGW
45%
Saint MartinMF
45%
North MacedoniaMK
45%
Solomon IslandsSB
45%
SamoaWS
45%
Sint MaartenSX
40%
MayotteYT
40%
Island of Sark
(exceptional reservation)
CQ
35%
Cayman IslandsKY
35%
Northern Mariana IslandsMP
35%
Northern Ireland
(user assigned)
XI
35%
Ceuta, Melilla
(exceptional reservation)
EA
30%
SyriaSW
30%
unknown states, other entities or organizations
(user assigned)
XX
30%
installations in international waters
(user assigned)
XZ
30%
Outlying Oceania
(user assigned)
QO
25%

Score Distribution

Percentile by Number Answered

Percent of People with Each Score

Your Score History

You have not taken this quiz